000 01229nam a2200277 c 4500
003 BLK
005 20180422102447.0
008 180408b bul|||||r ||||||| ||bul||
010 _aKNG00066005000
040 _aBLK
041 _aBUL
_cBUL
080 _aОбщи енциклопедии. Енциклопедични речници. Научни справочници. Отраслови енциклопедии и справочници се класират в съответните отдели с определител за форма
_b03
_x
_z03
700 1 _aГеоргиев, Владимир
_eглав. ред.
_9364904
139 _aКратка българска енциклопедия
_bК 89
245 1 0 _aКратка българска енциклопедия
_bВ 5 т.
_cглав. ред. Владимир Георгиев.
_nТ. 5
_pСтрой - Яя
257 _aBGR
260 София
_bБАН
_c1963 -
300 _c28 см
380 _a0
760 1 _d1969
_h588 с. : с ил., 20 л. : ил., 6 л. к.
_tТ. 5 Строй - Яя
852 _aЦб ІІ 2326
856 4 _qpdf
_u
856 4 _qpdf
_u
942 _cKNG
_n0
944 _aCR
_c13.06.2004
_kГеновева_Генчева
944 _aED
_c03.02.2011
_k
999 _c61797
_d61797